00358nam a2200109Ia 450000500170000000800410001710000340005824500950009226000370018730000110022465000130023520260328104328.0260328s9999||||xx |||||||||||||| ||und|| aSatizábal, Andrés Eduardo 0aMolinos de trigo en la Nueva Granada :bSiglo xvii- xviii /cAndrés Eduardo Satizábal bUniversidad Nacional de Colombia a120 p. aCOLOMBIA